The Hispano homeland

Αποθηκεύτηκε σε:
Λεπτομέρειες βιβλιογραφικής εγγραφής
Κύριος συγγραφέας: Nostrand, Richard Lee 1939-
Μορφή: Βιβλίο
Γλώσσα:English
Δημοσίευση: Norman and London : University of Oklahoma Press, 1992
Θέματα:
Ετικέτες: Προσθήκη ετικέτας
Δεν υπάρχουν, Καταχωρήστε ετικέτα πρώτοι!

MARC

LEADER 00000nam a2200000 i 4500
001 1/15196
008 010110s1992 eng d
020 |a 0-8061-2889-5 
035 |l 10065301 
040 |a GR-MY-UA  |b gre  |e aacr 
041 0 |a eng 
082 0 |a 978.90046872073 
100 1 |a Nostrand, Richard Lee  |d 1939- 
245 1 4 |a The Hispano homeland /  |c Richard L. Nostrand 
260 |a Norman and London :   |b University of Oklahoma Press,   |c 1992 
300 |a 281 p.  |b fig. 
504 |a Includes bibliographical references and index 
650 0 0 |a Mexican Americans  |z New Mexico  |x History. 
650 0 0 |a Human geography  |z New Mexico. 
650 0 0 |a Pueblo Indians. 
651 0 |a New Mexico  |x Geography. 
852 |a INST  |b LESVOS  |e 20010110  |h 978.90046872073 NOS  |p 005100029196  |q 005100029196  |t BK  |y 0 
901 |a BIBL1-2001-1 
909 |a Λ  |b 084300 
922 |a 1ΕΛΗ  |b 200012  |c ΤΑΚ/ΤΓ  |d ΜΙΧΑΛΟΠΟΥΛΟΣ 
950 |a 118-1999-09-20 
970 |a ΜΟΥΣΤΑΚΑ  |b ΠΗΝΕΛΟΠΗ  |z 2001/02/01